000 00273nam a2200121Ia 4500
008 190216s9999||||xx |||||||||||||| ||und||
100 _aShiva
245 0 _aSceince Technology For X
260 _bShivadas & Sons
_c2003
300 _a280
650 _aScience
942 _cREF
999 _c36726
_d36726